Score 0/12 Timer 01:30
0 Plays Today
Movie Title Missing Word % Correct
(500) ___ of SummerDays
93.3%
The _____ Guide to the GalaxyHitchhiker's
89.3%
_____ to LaunchFailure
75.7%
Almost _____Famous
73.5%
Bridge to _____Terabithia
55.9%
The Assassination of Jesse James by the _____ Robert FordCoward
46.7%
Our _____ BrotherIdiot
46.3%
The Good _____ Girl
44.1%
_____ ManYes
26.2%
Your _____Highness
8.7%
_____ Up*Surf's
8%
All the _____ GirlsReal
5.6%

Today's Daily Dose

Remove Ads.
Support Sporcle.
Get the best of Sporcle when you Go Orange. This ad-free experience offers more features, more stats, and more fun while also helping to support Sporcle. Thank you for becoming a member.

You're not logged in!

Compare scores with friends on all Sporcle quizzes.
OR
Log In

Show Comments

Extras

Top Quizzes Today


Score Distribution

Your Account Isn't Verified!

In order to create a playlist on Sporcle, you need to verify the email address you used during registration. Go to your Sporcle Settings to finish the process.

Report this User

Report this user for behavior that violates our Community Guidelines.

Details: